00557nam a2200169Ia 4500008004100000020001800041041000800059082001800067100001800085245004200103250000600145260004300151300001300194650002300207999001900230952013800249210716s2006 xx 000 0 und d a9788126506408 aeng a005.3068 HELK aHeldman, Kim. aPMP: project management professional. a3 aNew DelhibWiley Publishing Inc.c2006 axi,544,8 aProject Management c187720d187720 001040708MCAaAIMITbAIMITeHigginbothams Pvt Ltdg449.00l0o005.3068 HELKpMCA07228r2026-05-23 00:00:00v359.20w2021-07-16yBK